[Event "Cap d'Agde Avenir op"]
[Site "Cap d'Agde"]
[Date "2002.10.28"]
[Round "7"]
[White "Serra, Yannick"]
[Black "Bonnefoy, Roger"]
[Result "1-0"]
[WhiteElo "1790"]
[BlackElo "1660"]
[PlyCount "77"]
[EventDate "2002.10.23"]
[EventType "swiss"]
[EventRounds "9"]
[EventCountry "FRA"]
[SourceTitle "EXT 2005"]
[Source "ChessBase"]
[SourceDate "2004.11.15"]
[SourceVersion "1"]
[SourceVersionDate "2004.11.15"]
[SourceQuality "1"]

1. e4 c6 2. d4 d5 3. Bd3 dxe4 4. Bxe4 Nf6 5. Bf3 Bf5 6. Be3 e6 7. Ne2 Be4 8. Nd2 Bxf3 9. Nxf3 Nd5 10. c3 Nd7 11. Qc2 Be7 12. h4 N7f6 13. Ne5 Nd7 14. g3 Bd6 15. Nf3 Qc7 16. 0-0-0 N7b6 17. Qb3 h6 18. a3 Nc4 19. Qxc4 b5 20. Qb3 a5 21. g4 Ke7 22. g5 Rab8 23. gxh6 gxh6 24. Rhg1 Rhg8 25. Bxh6 Nf4 26. Bxf4 Bxf4+ 27. Kb1 Bd6 28. Rxg8 Rxg8 29. Rg1 Rb8 30. Rg7 Kf6 31. Rh7 Kg6 32. Qc2+ Kf6 33. Ng5 Rf8 34. Qe4 Qc8 35. Qf3+ Ke7 36. Rxf7+ Ke8 37. Rxf8+ Bxf8 38. Qf7+ Kd8 39. Nxe6+ 1-0